000 01058nam0a22002411 4500
001 rc\4963998
005 20260407092408.0
021 _aRU
_bРг4886-63
035 _a(NLR Aleph) 008863653
090 _a8477096
_c8477096
100 _a20130426d1963 |||y0rusy50 ca
101 0 _arus
102 _aRU
105 _aa z |||||
200 1 _aРегулятор расхода воздуха РРВ-1
_eИнструкция по монтажу и эксплуатации
_fСпец. конструкторское бюро по автоматике в нефтепереработке и нефтехимии. [СКБ АНН]
210 _aМосква
_cБ. и.
_d1963
215 _a12 с.
_cил.
_d22
712 0 2 _4070
_aСпециальное КБ по автоматике в нефтепереработке и производстве искусственного жидкого топлива
_cМосква
_9311834
_3RU\NLR\AUTH\8819229
801 0 _aRU
_bNLR
_gpsbo
801 1 _aRU
_bELAR
_2rusmarc
852 _aNLR
_j63-6/7599
942 _cBOOK
980 _aNB